000 00574cam a2200205ua 4500
020 _a07-031109-9
041 _aeng
_h
082 _a512.94
_bHUG/BA
100 _aHughes, William F .
245 _aBasic equations of engineering science /
_cWilliam F Hughes.
_hTextual Documents
250 _a1 /
_b.
260 _aNew York :
_bMcGraw Hill Book Company ,
_c1964.
300 _a163 ; .
440 0 _aSchamu`s outline series,
_v
_x;
490 0 _aSchamu`s outline series,
_v
_x;
504 _a
700 1 _aGaylord , Eber W .
942 _cBK
999 _c10139
_d10139